000 01671nac a22003971u 4500
003 EG-ScBUE
005 20211011102146.0
008 100810k19831988ua f 00010 ara d
017 _a1987/7945
_a1983/1693
020 _a9770120219 (ج. 12)
020 _a9770136788 (ج. 6)
020 _a9770115878 (ج. 11)
020 _a977011427 (ج. 8)
040 _aEG-ScBUE
_bara
_erda
_cEG-ScBUE
_dEG-ScBUE
082 0 4 _a297.4
_bع ر ب
_222
100 0 _a‪ابن العربي،
_d560-638 هـ.،
_eمؤلف.
_915018
245 1 2 _aالفتوحات الملكية /
_cمحي الدين بن عربي ؛ تحقيق وتقديم د. عثمان يحيى ؛ تصدير ومراجعة د. إبراهيم مدكور.
264 1 _aالقاهرة :
_bالهيئة المصرية العامة للكتاب،
_c1983-1988.
300 _a12 مجلد ؛
_c30 سم.
336 _2rdacontent
_aنص
_btxt
337 _2rdamedia
_aبدون وسيط
_bn
338 _2rdacarrier
_aمجلد
_bnc
490 0 _aالمكتبة العربية
500 _aيشتمل علي كشافات.
505 0 _aالمجلد السادس -- المجلد الثامن -- المجلد الحادي عشر -- المجلد الثاني عشر.
541 _cإهداء.
650 7 _aالتصوف الإسلامي.
_2BUEsh
_916733
651 _2BUEsh
653 _bGGEN
_cOctober2021
655 _vReading book
_934232
700 1 _aيحيى، عثمان،
_916475
_eمحقق،
_eمقدم.
700 1 _aمدكور، إبراهيم،
_eمصدر،
_eمراجع.
710 2 _916070
_aالمجلس الأعلى للثقافة.
740 _aMaahad Al Derasat Al Olyaa Fe Al Sorbonne
942 _cBB
_2ddc
999 _c6846
_d6846